Cristóbal Colón, marino /

Збережено в:
Бібліографічні деталі
Автор: Morison, Samuel Eliot (autor)
Інші автори: Dies, Haroldo (traducción) (traducción)
Формат: Книга
Мова:Іспанська
Опубліковано: México : Diana, 1991, c1991
Теги: Додати тег
Немає тегів, Будьте першим, хто поставить тег для цього запису!

MARC

LEADER 00000nam^a2200000^a^4500
001 000561416
005 20250521000000.0
009 20260310131922.602
020 |a 968-13-2199-5 
037 |a Acervo ITESO - Biblioteca 
041 |a ESP 
091 |a FGM. 01520 
100 |a Morison, Samuel Eliot  |e (autor) 
245 1 0 |a Cristóbal Colón, marino / 
264 4 |a México :  |b Diana,  |c 1991, c1991 
300 |a 238 p. 
336 |a texto  |b txt  |2 rdacontenido 
337 |a sin mediación  |b n  |2 rdamedio 
338 |a volumen  |b nc  |2 rdasoporte 
649 |a XX 
700 |a Dies, Haroldo  |e (traducción) 
910 |a Fondo Efraín González Morfín 
920 |a Impresos - Libros 
930 |a Fondos Especiales 
905 |a 130 
901 |a 0500386202  |b IT2  |c ESL  |i D89697  |u 20250521 
902 |a https://opac.biblio.iteso.mx/vufind/Record/000561416